[Event "Central America Carribean-ch U20 Girls"]
[Site "Porlamar"]
[Date "2015.08.27"]
[Round "7"]
[White "Ordonez, Mariexy De Los Ange"]
[Black "Quijada Amundarain, Rosanny"]
[Result "1/2-1/2"]
[WhiteElo "1586"]
[BlackElo "1464"]
[PlyCount "82"]
[EventDate "2015.08.22"]
[EventType "swiss"]
[EventRounds "9"]
[EventCountry "VEN"]
[SourceTitle "EXT 2018"]
[Source "ChessBase"]
[SourceDate "2017.10.13"]
[SourceVersion "1"]
[SourceVersionDate "2017.10.13"]
[SourceQuality "1"]

1. d4 Nf6 2. c4 e6 3. Nf3 c5 4. d5 exd5 5. cxd5 d6 6. Nc3 g6 7. e4 Bg7 8. Bd3 0-0 9. 0-0 Bg4 10. h3 Bxf3 11. Qxf3 Nbd7 12. Qe2 Nh5 13. Nb5 Nb6 14. Nc3 a6 15. Be3 Re8 16. Qd2 Nf6 17. Rab1 Nbd7 18. b4 b5 19. bxc5 Nxc5 20. Bg5 Nxd3 21. Qxd3 h6 22. Bf4 Nh5 23. Ne2 Nxf4 24. Nxf4 Rc8 25. Rbc1 Rxc1 26. Rxc1 Qa5 27. Qc2 Be5 28. Nd3 Bd4 29. Nf4 Be5 30. Ne2 Qa4 31. Qxa4 bxa4 32. Rc6 Rb8 33. f4 Bg7 34. Rxd6 Rb2 35. Kf1 Rxa2 36. Rxa6 a3 37. d6 Rd2 38. Ke1 Rd3 39. e5 g5 40. g3 Bf8 41. f5 f6 1/2-1/2

[Event "Central America Carribean-ch U20 Girls"]
[Site "Porlamar"]
[Date "2015.08.27"]
[Round "8"]
[White "Quijada Amundarain, Rosanny"]
[Black "Yepez Moreno, Juliet Carolina"]
[Result "0-1"]
[WhiteElo "1464"]
[BlackElo "1630"]
[PlyCount "86"]
[EventDate "2015.08.22"]
[EventType "swiss"]
[EventRounds "9"]
[EventCountry "VEN"]
[SourceTitle "EXT 2018"]
[Source "ChessBase"]
[SourceDate "2017.10.13"]
[SourceVersion "1"]
[SourceVersionDate "2017.10.13"]
[SourceQuality "1"]

1. c4 g6 2. Nc3 Bg7 3. Nf3 Nf6 4. g3 b6 5. Bg2 Bb7 6. d4 d5 7. cxd5 Nxd5 8. 0-0 0-0 9. e4 Nxc3 10. bxc3 Bxe4 11. Re1 Bb7 12. Rb1 Nd7 13. a4 Rc8 14. Ba3 Re8 15. Ne5 Bxg2 16. Kxg2 Nxe5 17. dxe5 e6 18. Qxd8 Rexd8 19. a5 Rd5 20. axb6 cxb6 21. Bd6 Rxc3 22. f4 Bf8 23. Bxf8 Kxf8 24. Ra1 a5 25. Reb1 Rd2+ 26. Kg1 Rcc2 27. Rxb6 Rg2+ 28. Kf1 Rxh2 29. Kg1 Rcg2+ 30. Kf1 Rxg3 31. Ra6 Rf3+ 32. Kg1 Re2 33. R6xa5 Rxf4 34. Rf1 Rg4+ 35. Kh1 Rh4+ 36. Kg1 Rhh2 37. Rf6 Reg2+ 38. Kf1 Rg5 39. Ra7 Rf5+ 40. Kg1 Re2 41. Ra5 Rexe5 42. Rxf5 Rxf5 43. Rxf5 gxf5 0-1

[Event "Central America Carribean-ch U20 Girls"]
[Site "Porlamar"]
[Date "2015.08.24"]
[Round "4"]
[White "Quijada Amundarain, Rosanny"]
[Black "Garcia Mendez, Alcira Guadalupe"]
[Result "0-1"]
[WhiteElo "1464"]
[BlackElo "1725"]
[PlyCount "56"]
[EventDate "2015.08.22"]
[EventType "swiss"]
[EventRounds "9"]
[EventCountry "VEN"]
[SourceTitle "EXT 2018"]
[Source "ChessBase"]
[SourceDate "2017.10.13"]
[SourceVersion "1"]
[SourceVersionDate "2017.10.13"]
[SourceQuality "1"]

1. c4 e5 2. Nc3 Nf6 3. Nf3 Nc6 4. g3 d5 5. cxd5 Nxd5 6. Bg2 Nxc3 7. bxc3 e4 8. Ng1 f5 9. d3 Bc5 10. Bf4 Qe7 11. dxe4 fxe4 12. Qa4 Bf5 13. Nh3 Bb6 14. Ng5 Qc5 15. e3 Qxc3+ 16. Ke2 Qd3+ 17. Ke1 Ba5+ 18. Qxa5 Nxa5 19. Rd1 Qc3+ 20. Kf1 0-0 21. Nxe4 Qc4+ 22. Kg1 Bxe4 23. Bxe4 Qxe4 24. Bxc7 Nc6 25. h4 Qc2 26. Rf1 Qxa2 27. Bf4 b5 28. Kh2 b4 0-1

[Event "Central America Carribean-ch U20 Girls"]
[Site "Porlamar"]
[Date "2015.08.22"]
[Round "2"]
[White "Quijada Amundarain, Edianny"]
[Black "Quijada Amundarain, Rosanny"]
[Result "1/2-1/2"]
[WhiteElo "1614"]
[BlackElo "1464"]
[PlyCount "39"]
[EventDate "2015.08.22"]
[EventType "swiss"]
[EventRounds "9"]
[EventCountry "VEN"]
[SourceTitle "EXT 2018"]
[Source "ChessBase"]
[SourceDate "2017.10.13"]
[SourceVersion "1"]
[SourceVersionDate "2017.10.13"]
[SourceQuality "1"]

1. c4 c5 2. Nf3 Nc6 3. Nc3 Nf6 4. d4 cxd4 5. Nxd4 Nxd4 6. Qxd4 g6 7. g3 Bg7 8. Bg2 0-0 9. 0-0 e6 10. Nb5 d5 11. cxd5 Nxd5 12. Qd3 b6 13. e4 Nb4 14. Qc4 Na6 15. e5 Rb8 16. Bf4 Nc5 17. a4 Ba6 18. Rfd1 Qe8 19. b3 Bxb5 20. axb5 1/2-1/2